000 00467nam a2200181Ia 4500
005 20250423094448.0
008 250422s9999 xx 000 0 und d
020 _a9781789146929
050 _aNA 8230 .D63/
100 _aDobraszczyk, Paul
245 0 _aAnimal Architecture
260 _aLondon
260 _bReaktion Books
260 _c2023
300 _a268 p
650 _aAnimal housing--Great Britain Fantastic architecture--Great Britain
942 _cBK
999 _c27314
_d27314